| 000 | 01424nam a2200217 a 4500 | ||
|---|---|---|---|
| 001 | 000012908 | ||
| 005 | 20240306073902.0 | ||
| 008 | 091118s1997 dr ac 000 0 spa d | ||
| 020 | _a970640119X (v. 5) | ||
| 040 |
_aDO-SdBNP _bspa _cBNPHU |
||
| 100 | 1 |
_aMolina Moloon, Andrés _96595 |
|
| 245 | 1 | 0 |
_aMatemáticas : _beducación básica / _cAndrés Molina Moloon ; dirección editorial Obdulia García de Escobar ; ilustraciones Ruddy Núñez. |
| 250 | _a2a. ed. | ||
| 260 |
_aSanto Domingo : _bSantillana, _c1997. |
||
| 300 |
_av. : _bil., retrs. ; _c28 cm. |
||
| 500 | _aeducación básica | ||
| 500 | _aLa biblioteca solamente posee el volumen 5. | ||
| 505 | 1 |
_av. 5 : _gunidad 1 -- _tNúmeros del 1 al 100 millones -- _gunidad 2 -- _tOperaciones con números naturales -- _gunidad 3 -- _tLa radicación -- _gunidad 4 -- _tFracciones -- _gunidad 5 -- _tOperaciones con fracciones -- _gunidad 6 -- _tLos números decimales -- _gunidad 7 -- _tOperaciones con números decimales -- _gunidad 8 -- _tPlano cartesiano y gráficos -- _gunidad 9 -- _tMúltiplos y divisores. Números primos -- _gunidad 10 -- _tÁngulos y congruencias -- _gunidad 11 -- _tRazones y proporciones -- _gunidad 12 -- _tCongruencia y semejanza de figuras -- _gunidad 13 -- _tPerímetros -- _gunidad 14 -- _tÁreas -- _gunidad 15 -- _tMediciones -- _gunidad 16 -- _tEstadística -- |
|
| 700 | 1 |
_aGarcía Escobar, Obdulia de _edir. ed. _929220 |
|
| 700 | 1 |
_aNúñez, Ruddy _eil. _923171 |
|
| 999 |
_c12556 _d12556 |
||